[Event "Korcsoportos bajnokság, 14 évesek"]
[Site "Budapest"]
[Date "2020.10.25"]
[Round "3.1"]
[White "Bacsi, Kristof"]
[Black "Tancsa, Tamas"]
[Result "1/2-1/2"]
[WhiteElo "1949"]
[BlackElo "2092"]
[PlyCount "110"]
[EventDate "2020.10.24"]
[EventType "tourn"]
[EventRounds "9"]
[EventCountry "HUN"]

1. d4 Nf6 2. Nf3 g6 3. c4 Bg7 4. Nc3 O-O 5. e4 d6 6. Be2 Nbd7 7. O-O e5 8. d5
Nc5 9. Qc2 a5 10. Bg5 h6 11. Be3 b6 12. Nd2 Nh7 13. b3 f5 14. f3 f4 15. Bf2 Nf6
16. a3 Nh5 17. Rfb1 Bf6 18. b4 Na6 19. c5 axb4 20. Bxa6 bxc3 21. Bxc8 Qxc8 22.
cxb6 cxb6 23. Nf1 Qc4 24. Rxb6 Rfb8 25. Rc6 Rb2 26. Qxc3 Qe2 27. Qe1 Qd3 28.
Rc3 Qb5 29. Rac1 Kh7 30. Nd2 Bd8 31. Nc4 Ra2 32. Qd1 Rb8 33. Nxd6 Qb2 34. R3c2
Qxa3 35. Nc4 Qb3 36. Rxa2 Qxa2 37. Nxe5 Rb2 38. Ra1 Rd2 39. Qb1 Qxb1+ 40. Rxb1
Bf6 41. Nc4 Rc2 42. Nb6 Be5 43. Nd7 Bg7 44. Kf1 Nf6 45. Nxf6+ Bxf6 46. Rb7+ Kg8
47. Rb1 Kf7 48. g3 g5 49. Rb7+ Ke8 50. gxf4 gxf4 51. Rb8+ Ke7 52. Ra8 Rc1+ 53.
Kg2 Rc2 54. Ra7+ Ke8 55. Rh7 Bd4 1/2-1/2

[Event "Korcsoportos bajnokság, 14 évesek"]
[Site "Budapest"]
[Date "2020.10.25"]
[Round "3.2"]
[White "Pasztor, Balazs"]
[Black "Bilku, Andras"]
[Result "1-0"]
[WhiteElo "2201"]
[BlackElo "1910"]
[PlyCount "49"]
[EventDate "2020.10.24"]
[EventType "tourn"]
[EventRounds "9"]
[EventCountry "HUN"]

1. e4 Nf6 2. e5 Nd5 3. c4 Nb6 4. d4 d6 5. exd6 cxd6 6. Nc3 g6 7. Be3 Bg7 8. Rc1
Nc6 9. d5 Ne5 10. Be2 O-O 11. b3 Ned7 12. Nf3 Nf6 13. O-O Bg4 14. h3 Bd7 15.
Qd2 Re8 16. Nd4 e6 17. dxe6 fxe6 18. Bg5 Rc8 19. Bf3 Bc6 20. Ncb5 Bxf3 21. Nxf3
Ne4 22. Bxd8 Nxd2 23. Bxb6 axb6 24. Nxd2 Red8 25. Ne4 1-0

[Event "Korcsoportos bajnokság, 14 évesek"]
[Site "Budapest"]
[Date "2020.10.25"]
[Round "3.3"]
[White "Tran, David"]
[Black "Konyves, Almos"]
[Result "1/2-1/2"]
[WhiteElo "2130"]
[BlackElo "2048"]
[PlyCount "43"]
[EventDate "2020.10.24"]
[EventType "tourn"]
[EventRounds "9"]
[EventCountry "HUN"]

1. e4 c5 2. Nf3 Nc6 3. Nc3 Nf6 4. d4 cxd4 5. Nxd4 d6 6. Be2 e5 7. Nb3 Be6 8.
Be3 Be7 9. f3 d5 10. exd5 Nxd5 11. Nxd5 Qxd5 12. Qxd5 Bxd5 13. c3 O-O-O 14. Rd1
f6 15. Kf2 Bf7 16. Bb5 Kc7 17. Rhe1 Rxd1 18. Rxd1 Rd8 19. Rxd8 Nxd8 20. Nc1 b6
21. b3 Bc5 22. Nd3 1/2-1/2

[Event "Korcsoportos bajnokság, 14 évesek"]
[Site "Budapest"]
[Date "2020.10.25"]
[Round "3.4"]
[White "Onodi, Tamas"]
[Black "Palczert, Matyas"]
[Result "1/2-1/2"]
[WhiteElo "1918"]
[BlackElo "2132"]
[PlyCount "82"]
[EventDate "2020.10.24"]
[EventType "tourn"]
[EventRounds "9"]
[EventCountry "HUN"]

1. d4 Nf6 2. Nf3 d5 3. Bf4 e6 4. e3 Bd6 5. Bg3 O-O 6. Bd3 c5 7. c3 b6 8. O-O
Bb7 9. Nbd2 Qc7 10. Qb1 Bxg3 11. hxg3 Nbd7 12. e4 Nxe4 13. Nxe4 dxe4 14. Bxe4
Bxe4 15. Qxe4 cxd4 16. Nxd4 Nc5 17. Qf3 e5 18. Nf5 e4 19. Qe2 Qe5 20. g4 Rad8
21. Rad1 Nd3 22. Nd4 Nf4 23. Qe3 Nd5 24. Qe2 Rd6 25. Nf5 Nf4 26. Qe3 Rg6 27.
Ne7+ Qxe7 28. Qxf4 Qe6 29. g5 Qxa2 30. Qxe4 Rxg5 31. Qe7 h6 32. Rfe1 Rd5 33.
Rxd5 Qxd5 34. Qxa7 Qd2 35. Qa1 Rd8 36. Qc1 Qxc1 37. Rxc1 Rd2 38. b4 Rb2 39. Rd1
Rb3 40. Rd3 f5 41. g3 Kf7 1/2-1/2

[Event "Korcsoportos bajnokság, 14 évesek"]
[Site "Budapest"]
[Date "2020.10.26"]
[Round "4.1"]
[White "Tancsa, Tamas"]
[Black "Farkas, Otto Jr"]
[Result "0-1"]
[WhiteElo "2092"]
[BlackElo "2079"]
[PlyCount "94"]
[EventDate "2020.10.24"]
[EventType "tourn"]
[EventRounds "9"]
[EventCountry "HUN"]

1. d4 d5 2. c4 dxc4 3. e4 Nf6 4. e5 Nd5 5. Bxc4 Bf5 6. Ne2 e6 7. Nbc3 c6 8. O-O
Be7 9. Ng3 Bg6 10. f4 Qa5 11. Qb3 Nb6 12. f5 exf5 13. Nxf5 Nxc4 14. Nxe7 b5 15.
a4 Qb6 16. axb5 Qxd4+ 17. Kh1 Bd3 18. Rf4 Qxe5 19. Bd2 Qxe7 20. bxc6 O-O 21.
Rxc4 Bxc4 22. Qxc4 Qd6 23. Nd5 Re8 24. Rc1 Nxc6 25. Qxc6 Qxc6 26. Rxc6 Rad8 27.
Bc3 Rxd5 28. h3 h6 29. Rc7 Ra8 30. b4 a6 31. Rc6 Rd1+ 32. Kh2 Rc1 33. Rc5 Rb8
34. g4 Rb5 35. Rxb5 axb5 36. Bd4 Rc4 37. Bc5 Rxc5 38. bxc5 Kf8 39. Kg3 b4 40.
Kf4 b3 41. Ke5 b2 42. Kd6 b1=Q 43. c6 Qd3+ 44. Kc7 Ke7 45. Kc8 Qa6+ 46. Kc7
Qa7+ 47. Kc8 Kd6 0-1

[Event "Korcsoportos bajnokság, 14 évesek"]
[Site "Budapest"]
[Date "2020.10.26"]
[Round "4.2"]
[White "Palczert, Matyas"]
[Black "Szalay-Ocsak, Bank"]
[Result "1-0"]
[WhiteElo "2132"]
[BlackElo "2091"]
[PlyCount "90"]
[EventDate "2020.10.24"]
[EventType "tourn"]
[EventRounds "9"]
[EventCountry "HUN"]

1. e4 c6 2. Nf3 d5 3. exd5 cxd5 4. Ne5 Nf6 5. d4 g6 6. c3 Bg7 7. Bd3 Nc6 8. Qe2
O-O 9. O-O Nd7 10. f4 f6 11. Nxc6 bxc6 12. Qe6+ Kh8 13. Qxc6 Nb6 14. Qb5 Bd7
15. Qb3 Ba4 16. Qa3 e5 17. Be3 Qd7 18. b3 Bb5 19. Bxb5 Qxb5 20. Qc1 Rac8 21.
Qd2 Rfe8 22. fxe5 fxe5 23. dxe5 Bxe5 24. Bd4 Kg8 25. Bxe5 Rxe5 26. Qd4 Qe2 27.
Nd2 Rce8 28. Nf3 Re4 29. Qf2 Qd3 30. Ng5 R4e7 31. Rae1 Nd7 32. Rxe7 Rxe7 33.
Qxa7 Qxc3 34. Qa8+ Kg7 35. Qxd5 Qe3+ 36. Kh1 Qf2 37. Qd1 Qe3 38. Nf3 Nf6 39.
Re1 Qc5 40. Rxe7+ Qxe7 41. Qe1 Qc5 42. h3 Qa3 43. Qe5 Qf8 44. a4 Qb4 45. Ng5
Qe1+ 1-0

[Event "Korcsoportos bajnokság, 14 évesek"]
[Site "Budapest"]
[Date "2020.10.26"]
[Round "4.3"]
[White "Konyves, Almos"]
[Black "Onodi, Tamas"]
[Result "1-0"]
[WhiteElo "2048"]
[BlackElo "1918"]
[PlyCount "55"]
[EventDate "2020.10.24"]
[EventType "tourn"]
[EventRounds "9"]
[EventCountry "HUN"]

1. e4 c5 2. Nf3 g6 3. d4 cxd4 4. Nxd4 Nc6 5. c4 Bg7 6. Be3 Nf6 7. Nc3 O-O 8.
Be2 d6 9. O-O Bd7 10. Nc2 a5 11. Rc1 a4 12. Na3 Qa5 13. f4 Rfd8 14. Nab5 Be8
15. a3 Nd7 16. Nd5 Rdc8 17. Bg4 Ra6 18. f5 Bxb2 19. Rc2 Be5 20. fxg6 hxg6 21.
Rcf2 e6 22. Bxe6 fxe6 23. Qg4 Nd8 24. Ne7+ Kg7 25. Qg5 Nf6 26. Rxf6 Bxf6 27.
Qxf6+ Kh7 28. Qh4+ 1-0

[Event "Korcsoportos bajnokság, 14 évesek"]
[Site "Budapest"]
[Date "2020.10.26"]
[Round "4.4"]
[White "Bilku, Andras"]
[Black "Tran, David"]
[Result "1/2-1/2"]
[WhiteElo "1910"]
[BlackElo "2130"]
[PlyCount "92"]
[EventDate "2020.10.24"]
[EventType "tourn"]
[EventRounds "9"]
[EventCountry "HUN"]

1. Nf3 Nf6 2. g3 g6 3. Bg2 Bg7 4. O-O O-O 5. d4 d6 6. b3 e5 7. dxe5 dxe5 8. Bb2
e4 9. Ne5 Ng4 10. Nc4 Bxb2 11. Nxb2 f5 12. Qxd8 Rxd8 13. e3 Nc6 14. Na3 a6 15.
h3 Nge5 16. Nac4 Nxc4 17. Nxc4 b5 18. Na3 Ne5 19. Rad1 Bb7 20. Nb1 c5 21. Nc3
Kf7 22. Rxd8 Rxd8 23. Rd1 Rxd1+ 24. Nxd1 c4 25. Nc3 Ke6 26. Kf1 Bc6 27. Ne2 a5
28. Ke1 Kd6 29. Kd2 Kc5 30. Kc3 b4+ 31. Kd2 Bd5 32. Nd4 a4 33. h4 Nc6 34. Nxc6
Kxc6 35. bxa4 c3+ 36. Kd1 Bxa2 37. Bf1 b3 38. Bb5+ Kb6 39. cxb3 Bxb3+ 40. Kc1
Ka5 41. Be8 Bxa4 42. Bf7 Bd7 43. Kc2 Kb4 44. Kc1 Bc6 45. h5 Bd7 46. Bxg6 h6
1/2-1/2

[Event "Korcsoportos bajnokság, 14 évesek"]
[Site "Budapest"]
[Date "2020.10.26"]
[Round "4.5"]
[White "Bacsi, Kristof"]
[Black "Pasztor, Balazs"]
[Result "0-1"]
[WhiteElo "1949"]
[BlackElo "2201"]
[PlyCount "80"]
[EventDate "2020.10.24"]
[EventType "tourn"]
[EventRounds "9"]
[EventCountry "HUN"]

1. d4 Nf6 2. Nf3 e6 3. c4 b6 4. Nc3 Bb7 5. e3 Bb4 6. Bd2 O-O 7. Be2 d6 8. O-O
Bxc3 9. Bxc3 Ne4 10. Qc2 f5 11. Nd2 Nd7 12. Nxe4 fxe4 13. Bg4 Qe7 14. Rad1 Nf6
15. Be2 d5 16. a3 Rf7 17. b4 h6 18. c5 Nh7 19. f3 exf3 20. Rxf3 Rxf3 21. Bxf3
Ng5 22. Qe2 Bc6 23. b5 Nxf3+ 24. gxf3 Be8 25. Bb4 Qg5+ 26. Kf2 Qh4+ 27. Kg1 Bh5
28. cxb6 cxb6 29. Qg2 Rc8 30. Rf1 Qf6 31. Bd6 Rc3 32. Qf2 Kf7 33. Be5 Qg5+ 34.
Kh1 Rxe3 35. f4 Bf3+ 36. Qxf3 Rxf3 37. fxg5 Rxf1+ 38. Kg2 Ra1 39. gxh6 gxh6 40.
Bd6 Kg6 0-1

[Event "Korcsoportos bajnokság, 14 évesek"]
[Site "Budapest"]
[Date "2020.10.27"]
[Round "5.1"]
[White "Pasztor, Balazs"]
[Black "Tancsa, Tamas"]
[Result "1-0"]
[WhiteElo "2201"]
[BlackElo "2092"]
[PlyCount "41"]
[EventDate "2020.10.24"]
[EventType "tourn"]
[EventRounds "9"]
[EventCountry "HUN"]

1. e4 c5 2. Nf3 d6 3. d4 cxd4 4. Nxd4 Nf6 5. Nc3 a6 6. Nb3 e5 7. Bg5 Be6 8.
Bxf6 gxf6 9. Qh5 Nc6 10. O-O-O Qc7 11. Kb1 b5 12. g3 b4 13. Nd5 Bxd5 14. exd5
Ne7 15. f4 Rc8 16. Bxa6 Qxc2+ 17. Ka1 Ra8 18. Bb5+ Kd8 19. Qxf7 Qxb3 20. Qe8+
Kc7 21. Qxa8 1-0

[Event "Korcsoportos bajnokság, 14 évesek"]
[Site "Budapest"]
[Date "2020.10.27"]
[Round "5.2"]
[White "Tran, David"]
[Black "Bacsi, Kristof"]
[Result "1-0"]
[WhiteElo "2130"]
[BlackElo "1949"]
[PlyCount "85"]
[EventDate "2020.10.24"]
[EventType "tourn"]
[EventRounds "9"]
[EventCountry "HUN"]

1. e4 e6 2. d4 d5 3. Nd2 dxe4 4. Nxe4 Nd7 5. Nf3 Ngf6 6. Nxf6+ Nxf6 7. Bd3 c5
8. O-O Be7 9. c3 O-O 10. Qc2 Qc7 11. dxc5 Qxc5 12. Be3 Qc7 13. Bd4 h6 14. Be5
Qb6 15. Bd4 Qc7 16. Rad1 Bd7 17. Be5 Qc8 18. h3 Bc6 19. Nd4 Rd8 20. Nxc6 Qxc6
21. Be2 Rac8 22. Rxd8+ Rxd8 23. Bf3 Qb5 24. Bd4 a5 25. a4 Qc4 26. Rd1 b5 27. b3
Qc7 28. axb5 Nd5 29. c4 Nb4 30. Qb2 Bc5 31. Bxc5 Rxd1+ 32. Bxd1 Qxc5 33. Qd2
Qb6 34. Qe3 Qd8 35. Bf3 Nc2 36. Qe4 Nd4 37. Qa8 Qxa8 38. Bxa8 Nxb3 39. b6 Nc5
40. b7 Nxb7 41. Bxb7 a4 42. Be4 Kf8 43. Kf1 1-0

[Event "Korcsoportos bajnokság, 14 évesek"]
[Site "Budapest"]
[Date "2020.10.27"]
[Round "5.3"]
[White "Onodi, Tamas"]
[Black "Bilku, Andras"]
[Result "1/2-1/2"]
[WhiteElo "1918"]
[BlackElo "1910"]
[PlyCount "103"]
[EventDate "2020.10.24"]
[EventType "tourn"]
[EventRounds "9"]
[EventCountry "HUN"]

1. d4 Nf6 2. Nf3 d5 3. Bf4 c5 4. e3 Nc6 5. c3 Qb6 6. Qc2 g6 7. Nbd2 Bg7 8. Be2
O-O 9. O-O Bf5 10. dxc5 Qxc5 11. Qa4 Qb6 12. Qb3 Qxb3 13. axb3 Nd7 14. Nd4 Nxd4
15. exd4 a6 16. Ra5 Be6 17. Rfa1 Nb8 18. b4 Nc6 19. R5a3 Rac8 20. Nb3 Rcd8 21.
Nc5 Bc8 22. Bc7 Rde8 23. Bf3 Na7 24. Be2 e5 25. Bf1 exd4 26. Bd6 dxc3 27. bxc3
d4 28. cxd4 Bxd4 29. Rd1 Nc6 30. Bxf8 Kxf8 31. Nb3 Bc3 32. b5 axb5 33. Bxb5 Be6
34. Nc5 Bg4 35. Rxc3 Bxd1 36. f3 Be2 37. Bxe2 Rxe2 38. Nxb7 Ne7 39. h3 Rb2 40.
Nd6 Rb8 41. Kf2 Rd8 42. Ne4 Ng8 43. Kg3 h6 44. Kf4 Kg7 45. g4 Ne7 46. Kg3 Rd7
47. Nc5 Rd5 48. Nd3 Ra5 49. Rc7 Nd5 50. Rb7 Nf6 51. Nf4 Re5 52. Ra7 1/2-1/2

[Event "Korcsoportos bajnokság, 14 évesek"]
[Site "Budapest"]
[Date "2020.10.27"]
[Round "5.4"]
[White "Szalay-Ocsak, Bank"]
[Black "Konyves, Almos"]
[Result "1/2-1/2"]
[WhiteElo "2091"]
[BlackElo "2048"]
[PlyCount "73"]
[EventDate "2020.10.24"]
[EventType "tourn"]
[EventRounds "9"]
[EventCountry "HUN"]

1. e4 c5 2. Nf3 d6 3. d4 cxd4 4. Nxd4 Nf6 5. f3 Nc6 6. c4 e6 7. Nc3 Be7 8. Be3
O-O 9. Be2 a6 10. O-O Bd7 11. Qd2 Nxd4 12. Bxd4 Bc6 13. Rac1 Nd7 14. Be3 Rc8
15. b3 b6 16. Rfd1 Bb7 17. Qe1 Qc7 18. Qf2 f5 19. exf5 Rxf5 20. Bd3 Rh5 21. Ne2
Bh4 22. Qf1 Rf8 23. Ng3 Bxg3 24. hxg3 Ne5 25. Be2 Ng4 26. Bf2 Nxf2 27. Qxf2 Rf6
28. f4 Rhh6 29. Bf3 Bxf3 30. gxf3 Rh3 31. Kg2 Rfh6 32. Rh1 Rxh1 33. Rxh1 Rxh1
34. Kxh1 Qc5 35. Qe2 Kf7 36. Kg2 Qd4 37. Qc2 1/2-1/2

[Event "Korcsoportos bajnokság, 14 évesek"]
[Site "Budapest"]
[Date "2020.10.27"]
[Round "5.5"]
[White "Farkas, Otto Jr"]
[Black "Palczert, Matyas"]
[Result "1/2-1/2"]
[WhiteElo "2079"]
[BlackElo "2132"]
[PlyCount "68"]
[EventDate "2020.10.24"]
[EventType "tourn"]
[EventRounds "9"]
[EventCountry "HUN"]

1. e4 c5 2. Nf3 Nf6 3. e5 Nd5 4. Nc3 Nxc3 5. dxc3 Nc6 6. Qe2 e6 7. Bf4 h6 8. h4
Qc7 9. O-O-O a6 10. Nd2 b5 11. Rh3 Bb7 12. Kb1 Ne7 13. g4 Nd5 14. Bh2 c4 15.
Ne4 Be7 16. Bg2 O-O-O 17. f4 d6 18. exd6 Bxd6 19. Nxd6+ Qxd6 20. Bxd5 Bxd5 21.
Kc1 f5 22. gxf5 exf5 23. Re3 Qc6 24. Rg1 Rd7 25. Re8+ Rxe8 26. Qxe8+ Kb7 27.
Qe5 g6 28. Re1 Be4 29. Bg1 Bf3 30. Qe3 Be4 31. Qa7+ Kc8 32. Qc5 Qxc5 33. Bxc5
Kb7 34. Rg1 Bf3 1/2-1/2

[Event "Korcsoportos bajnokság, 14 évesek"]
[Site "Budapest"]
[Date "2020.10.27"]
[Round "6.1"]
[White "Tancsa, Tamas"]
[Black "Palczert, Matyas"]
[Result "0-1"]
[WhiteElo "2092"]
[BlackElo "2132"]
[PlyCount "186"]
[EventDate "2020.10.24"]
[EventType "tourn"]
[EventRounds "9"]
[EventCountry "HUN"]

1. e4 c5 2. Nf3 e6 3. d4 cxd4 4. Nxd4 Nc6 5. Nc3 Qc7 6. Be3 a6 7. a3 b5 8. Nxc6
Qxc6 9. Bd3 Bb7 10. Qd2 Bc5 11. O-O Ne7 12. Rad1 O-O 13. Ne2 d5 14. Bxc5 Qxc5
15. Ng3 Rad8 16. e5 d4 17. Rfe1 Ng6 18. f4 Nh4 19. Be4 d3+ 20. Qf2 Qxf2+ 21.
Kxf2 Bxe4 22. Nxe4 dxc2 23. Rc1 Rc8 24. Nd6 Rc6 25. Re2 f6 26. Kg3 fxe5 27.
fxe5 Nf5+ 28. Nxf5 Rxf5 29. Rcxc2 Rxc2 30. Rxc2 Rxe5 31. Kf4 Rf5+ 32. Ke4 Kf7
33. b4 Rd5 34. g3 Rd6 35. Ke5 Rd3 36. Ra2 Rd5+ 37. Ke4 Kf6 38. Rc2 Rd6 39. h3
g6 40. h4 h5 41. Rf2+ Ke7 42. Rc2 Kd7 43. Rf2 Rc6 44. Rf3 Kd6 45. Rd3+ Ke7 46.
Ke5 Rc1 47. Re3 Rc2 48. Ke4 Rd2 49. Ke5 Rd5+ 50. Ke4 Kd6 51. Rf3 Re5+ 52. Kd4
Rf5 53. Rc3 g5 54. hxg5 Rxg5 55. Ke4 Rg4+ 56. Kf3 e5 57. Rd3+ Kc6 58. Kf2 h4
59. gxh4 Rxh4 60. Re3 Kd5 61. Rd3+ Rd4 62. Rc3 Rf4+ 63. Ke3 Re4+ 64. Kf2 Rf4+
65. Ke3 Rh4 66. Rc5+ Kd6 67. Rc8 Rh3+ 68. Ke4 Rxa3 69. Rd8+ Kc7 70. Rh8 Ra4 71.
Rh7+ Kc8 72. Rh8+ Kd7 73. Rh7+ Ke8 74. Rh8+ Kf7 75. Rh7+ Kg6 76. Rb7 Rxb4+ 77.
Kxe5 a5 78. Kd5 a4 79. Kc5 Rb3 80. Rd7 a3 81. Rd1 a2 82. Rd6+ Kf5 83. Ra6 Rb2
84. Kd4 b4 85. Ra8 b3 86. Rf8+ Ke6 87. Re8+ Kf7 88. Ra8 Rb1 89. Ra7+ Ke6 90.
Ra6+ Kd7 91. Ra7+ Kc6 92. Ra6+ Kb7 93. Rxa2 bxa2 0-1

[Event "Korcsoportos bajnokság, 14 évesek"]
[Site "Budapest"]
[Date "2020.10.27"]
[Round "6.2"]
[White "Konyves, Almos"]
[Black "Farkas, Otto Jr"]
[Result "1-0"]
[WhiteElo "2048"]
[BlackElo "2079"]
[PlyCount "67"]
[EventDate "2020.10.24"]
[EventType "tourn"]
[EventRounds "9"]
[EventCountry "HUN"]

1. c4 e5 2. Nc3 Nf6 3. g3 d5 4. cxd5 Nxd5 5. Bg2 Ne7 6. Nf3 Nbc6 7. O-O g6 8.
d3 Bg7 9. Rb1 O-O 10. b4 a6 11. Qc2 Be6 12. Bd2 Nf5 13. Rfc1 Qe7 14. a3 Ncd4
15. Qd1 c6 16. a4 Nxf3+ 17. Bxf3 Nd4 18. Bg2 Qd7 19. Ne4 Bd5 20. Nc5 Qe7 21.
Bxd5 cxd5 22. e3 Ne6 23. Qb3 Rfd8 24. Nxe6 fxe6 25. b5 axb5 26. Qxb5 Ra7 27. a5
Rda8 28. Qb6 Bf6 29. Rc7 Qe8 30. Rxb7 Rxb7 31. Qxb7 e4 32. dxe4 Be5 33. Qb5 Qc8
34. Rc1 1-0

[Event "Korcsoportos bajnokság, 14 évesek"]
[Site "Budapest"]
[Date "2020.10.27"]
[Round "6.3"]
[White "Bilku, Andras"]
[Black "Szalay-Ocsak, Bank"]
[Result "0-1"]
[WhiteElo "1910"]
[BlackElo "2091"]
[PlyCount "112"]
[EventDate "2020.10.24"]
[EventType "tourn"]
[EventRounds "9"]
[EventCountry "HUN"]

1. Nf3 d5 2. g3 c6 3. Bg2 Bg4 4. d4 Nd7 5. O-O Ngf6 6. b3 e6 7. Bb2 Be7 8. Nbd2
O-O 9. c4 a5 10. Re1 h6 11. e4 dxe4 12. Nxe4 Bf5 13. Nfd2 a4 14. Nxf6+ Nxf6 15.
Bc3 c5 16. Ne4 Nxe4 17. Bxe4 Bxe4 18. Rxe4 Bf6 19. Rc1 axb3 20. axb3 Ra2 21. d5
Bxc3 22. Rxc3 b5 23. Rd3 Qf6 24. Qf3 exd5 25. cxd5 Qxf3 26. Rxf3 Rd2 27. Re5 f6
28. Ref5 c4 29. bxc4 bxc4 30. Rc3 Rd4 31. Rf4 Rxf4 32. gxf4 Rc8 33. Kg2 Kf7 34.
Kf3 Ke7 35. Ke4 Kd6 36. Kd4 Rc5 37. Rxc4 Rxd5+ 38. Ke4 Rh5 39. f3 f5+ 40. Ke3
Rxh2 41. Ra4 Rc2 42. Ra5 Rc5 43. Ra6+ Rc6 44. Ra7 Rc7 45. Ra8 Re7+ 46. Kd4 Rc7
47. Ra6+ Rc6 48. Rxc6+ Kxc6 49. Ke5 g6 50. Kf6 h5 51. Kg5 Kd5 52. Kxg6 h4 53.
Kxf5 h3 54. Kg6 h2 55. f5 h1=Q 56. f6 Ke6 0-1

[Event "Korcsoportos bajnokság, 14 évesek"]
[Site "Budapest"]
[Date "2020.10.27"]
[Round "6.4"]
[White "Bacsi, Kristof"]
[Black "Onodi, Tamas"]
[Result "1-0"]
[WhiteElo "1949"]
[BlackElo "1918"]
[PlyCount "75"]
[EventDate "2020.10.24"]
[EventType "tourn"]
[EventRounds "9"]
[EventCountry "HUN"]

1. d4 d5 2. Nf3 Nf6 3. c4 c6 4. e3 Bf5 5. Qb3 Qc7 6. cxd5 cxd5 7. Nc3 e6 8. Bd2
Be7 9. Rc1 Nc6 10. Na4 O-O 11. Bb5 Ne4 12. O-O Bg4 13. Qc2 Bxf3 14. gxf3 Nxd2
15. Qxd2 Bd6 16. Kh1 Rac8 17. Bd3 Qe7 18. Rg1 Qh4 19. f4 Nxd4 20. Bxh7+ Kxh7
21. Qxd4 g6 22. Rxc8 Rxc8 23. Rg3 b6 24. Kg2 Rc4 25. Qd1 Kg7 26. b3 Rc8 27.
Qd4+ Qf6 28. Qd3 Qf5 29. Qd4+ f6 30. Nc3 Qc2 31. Qa4 b5 32. Nxb5 Qc6 33. Nxd6
Qxd6 34. Qxa7+ Rc7 35. Qa8 Qc5 36. Qe8 Rf7 37. Qxe6 f5 38. Qxg6+ 1-0

[Event "Korcsoportos bajnokság, 14 évesek"]
[Site "Budapest"]
[Date "2020.10.27"]
[Round "6.5"]
[White "Pasztor, Balazs"]
[Black "Tran, David"]
[Result "1/2-1/2"]
[WhiteElo "2201"]
[BlackElo "2130"]
[PlyCount "64"]
[EventDate "2020.10.24"]
[EventType "tourn"]
[EventRounds "9"]
[EventCountry "HUN"]

1. e4 e5 2. Nf3 Nc6 3. Bc4 Bc5 4. c3 Nf6 5. d3 d6 6. Nbd2 O-O 7. Bb3 Be6 8. O-O
h6 9. Re1 Nh5 10. Nf1 Qf6 11. Ne3 Rfe8 12. Ba4 Rf8 13. Nd5 Bxd5 14. exd5 Ne7
15. d4 exd4 16. Nxd4 Bxd4 17. cxd4 g6 18. Bxh6 Ng7 19. Bb3 Rfe8 20. Rc1 Rac8
21. h3 Nef5 22. Be3 Nxe3 23. fxe3 Nf5 24. Qf3 Qg5 25. Kf2 Re7 26. Rcd1 Rce8 27.
Rd3 Re4 28. g3 Qe7 29. Re2 Qg5 30. g4 Qh4+ 31. Kg2 Qg5 32. Kf2 Qh4+ 1/2-1/2

[Event "Korcsoportos bajnokság, 14 évesek"]
[Site "Budapest"]
[Date "2020.10.28"]
[Round "7.1"]
[White "Tran, David"]
[Black "Tancsa, Tamas"]
[Result "1/2-1/2"]
[WhiteElo "2130"]
[BlackElo "2092"]
[PlyCount "94"]
[EventDate "2020.10.24"]
[EventType "tourn"]
[EventRounds "9"]
[EventCountry "HUN"]

1. e4 e5 2. Nf3 Nc6 3. Bb5 a6 4. Ba4 Nf6 5. O-O Be7 6. Bxc6 dxc6 7. d3 Nd7 8.
Nbd2 O-O 9. Nc4 Bf6 10. d4 Qe7 11. dxe5 Nxe5 12. Nfxe5 Bxe5 13. Nxe5 Qxe5 14.
Re1 Re8 15. f4 Qf6 16. c3 Be6 17. Be3 Rad8 18. Qf3 Rd3 19. f5 Bc8 20. Rad1 Qd6
21. Rxd3 Qxd3 22. Rd1 Qc2 23. f6 Be6 24. Rd2 Qb1+ 25. Kf2 Bc4 26. fxg7 Bd3 27.
Qd1 Qxd1 28. Rxd1 Bxe4 29. Bd4 Re6 30. c4 Rd6 31. c5 Re6 32. Bc3 Bd5 33. b4 f6
34. g4 Re4 35. Rd4 Rxd4 36. Bxd4 Kxg7 37. g5 Bxa2 38. gxf6+ Kf7 39. Ke3 b6 40.
Ke4 bxc5 41. bxc5 a5 42. Kd3 Ke6 43. Kc3 Kf5 44. Kb2 Be6 45. Ka3 Ke4 46. Bf2
Ke5 47. Bh4 Kd5 1/2-1/2

[Event "Korcsoportos bajnokság, 14 évesek"]
[Site "Budapest"]
[Date "2020.10.28"]
[Round "7.2"]
[White "Onodi, Tamas"]
[Black "Pasztor, Balazs"]
[Result "0-1"]
[WhiteElo "1918"]
[BlackElo "2201"]
[PlyCount "62"]
[EventDate "2020.10.24"]
[EventType "tourn"]
[EventRounds "9"]
[EventCountry "HUN"]

1. d4 d5 2. Bf4 Nf6 3. e3 c5 4. Nf3 Nc6 5. c3 Qb6 6. Qc2 g6 7. Nbd2 Bg7 8. Be2
O-O 9. O-O Nh5 10. Bg5 h6 11. Bh4 Bf5 12. dxc5 Qxc5 13. Qb3 e5 14. Rfd1 g5 15.
Bg3 Nxg3 16. hxg3 a5 17. Qa4 Qb6 18. Nb3 Be6 19. g4 Rfd8 20. c4 Nb4 21. c5 Qc7
22. a3 Nc6 23. Rd2 d4 24. exd4 e4 25. d5 Bxd5 26. Rxd5 Rxd5 27. Qxe4 Rad8 28.
Re1 Ne5 29. Nxe5 Rxe5 30. Qc4 a4 31. Nc1 Rxc5 0-1

[Event "Korcsoportos bajnokság, 14 évesek"]
[Site "Budapest"]
[Date "2020.10.28"]
[Round "7.3"]
[White "Szalay-Ocsak, Bank"]
[Black "Bacsi, Kristof"]
[Result "1-0"]
[WhiteElo "2091"]
[BlackElo "1949"]
[PlyCount "35"]
[EventDate "2020.10.24"]
[EventType "tourn"]
[EventRounds "9"]
[EventCountry "HUN"]

1. e4 e6 2. d4 d5 3. Nc3 dxe4 4. Nxe4 Nd7 5. Nf3 Ngf6 6. Bd3 c5 7. O-O Be7 8.
Nxc5 Nxc5 9. dxc5 Bxc5 10. Qe2 O-O 11. Ne5 b6 12. Bg5 Bb7 13. Rad1 Qc7 14. Bxf6
gxf6 15. Bxh7+ Kh8 16. Qh5 fxe5 17. Be4+ Kg7 18. Qg5+ 1-0

[Event "Korcsoportos bajnokság, 14 évesek"]
[Site "Budapest"]
[Date "2020.10.28"]
[Round "7.4"]
[White "Farkas, Otto Jr"]
[Black "Bilku, Andras"]
[Result "1/2-1/2"]
[WhiteElo "2079"]
[BlackElo "1910"]
[PlyCount "98"]
[EventDate "2020.10.24"]
[EventType "tourn"]
[EventRounds "9"]
[EventCountry "HUN"]

1. e4 Nf6 2. e5 Nd5 3. d4 d6 4. c4 Nb6 5. exd6 exd6 6. Nc3 Nc6 7. Be3 Be7 8. h3
Bf5 9. Nf3 Bf6 10. Be2 O-O 11. O-O h6 12. b3 Ne7 13. Rc1 Qd7 14. Nh2 Kh7 15.
Ng4 Ng8 16. Bf3 c6 17. a4 Nc8 18. Ne4 Qe7 19. Ng3 Bg6 20. Re1 Qd8 21. Qd2 Nce7
22. Bf4 Nf5 23. Nxf5 Bxf5 24. Ne3 Bg6 25. d5 c5 26. b4 b6 27. Bg4 Ne7 28. Bg3
Kh8 29. Bd1 Nf5 30. Nxf5 Bxf5 31. Bb3 Bg6 32. a5 Bg5 33. f4 Bh4 34. Bxh4 Qxh4
35. Qf2 Qxf2+ 36. Kxf2 Rfe8 37. bxc5 bxc5 38. Ba4 Re4 39. Rxe4 Bxe4 40. a6 Rb8
41. Bb5 Rb6 42. Rd1 f5 43. g4 g6 44. h4 Kg7 45. Ke3 Kf7 46. h5 Rb8 47. gxf5
gxf5 48. Rg1 Rg8 49. Rxg8 Kxg8 1/2-1/2

[Event "Korcsoportos bajnokság, 14 évesek"]
[Site "Budapest"]
[Date "2020.10.28"]
[Round "7.5"]
[White "Palczert, Matyas"]
[Black "Konyves, Almos"]
[Result "1/2-1/2"]
[WhiteElo "2132"]
[BlackElo "2048"]
[PlyCount "53"]
[EventDate "2020.10.24"]
[EventType "tourn"]
[EventRounds "9"]
[EventCountry "HUN"]

1. e4 c5 2. Nf3 d6 3. d4 cxd4 4. Nxd4 Nf6 5. Nc3 a6 6. Nb3 g6 7. Be2 Bg7 8. g4
h6 9. f4 Nc6 10. h3 Bd7 11. Be3 Rc8 12. Qd2 b5 13. a3 O-O 14. O-O-O Na5 15.
Nxa5 Qxa5 16. e5 b4 17. Na2 Ba4 18. exf6 Bxc2 19. fxg7 Be4+ 20. Nc3 Rfe8 21.
Qd4 bxa3 22. b4 Qc7 23. Kd2 e5 24. Qc4 exf4 25. Nxe4 fxe3+ 26. Ke1 Qe7 27. Qd5
1/2-1/2